000
00232nam a22000857a 4500
999
_c
11267
_d
11267
008
190110b ||||| |||| 00| 0 eng d
100
_a
Wanchoo
_9
7014
245
_a
Provlem Solving Assessment-XI
260
_a
New Delhi
_b
Goyal Brothers
_c
2012